| 000 | 00521 a2200157 4500 | ||
|---|---|---|---|
| 001 | 141721 | ||
| 040 | _cLeonardo Da Vinci | ||
| 041 | _aPortuguês | ||
| 082 |
_a796.42 A891a _bA891a |
||
| 245 |
_aATLETISMO _bregras oficiais |
||
| 260 |
_bMinistério da Educação e Cultura _c1984 _aSão Paulo |
||
| 300 | _a145 | ||
| 362 | _a19840000 | ||
| 697 |
_aEducação Física _aEstudo _aEnsino _aEsportes _aAtletismo _aRegra _aHistória _aTécnica _aCorrida _aMaratona _aSaltos _aLançamentos _aArremessos _aMarcha Atlética |
||
| 942 | _cBK | ||
| 999 |
_c141721 _d141721 |
||